| 000 | 00692nam a2200193 a 4500 | ||
|---|---|---|---|
| 003 | 0 | ||
| 005 | 20250619143426.0 | ||
| 008 | 021125s19uu xx 00 eng d | ||
| 050 |
_aPHS RM 671 _b.S84 2000 |
||
| 100 | _aSuh, Joon Hyuk. | ||
| 245 |
_aThe Perceptions of selected workers of EPZA, Cavite on the effectiveness of oral and topical pain-relievers / _cJoon Hyuk Suh. |
||
| 260 |
_aLas PiƱas City, Philippines : _bSouthville International School and Colleges, _c2000. |
||
| 300 |
_a48 pages : _billustrations ; _c28 cm. |
||
| 504 | _aIncludes bibliographical references. | ||
| 650 | _aAnalgesics. | ||
| 650 | _aTopical medication. | ||
| 650 |
_aPain _xTreatment. |
||
| 942 |
_2lcc _cPASS |
||
| 999 |
_c96352 _d96352 |
||